Oceľový drôt a drôtené výrobky. STN 42 6470. EN 10244-5 : Neželezné kovové povlaky na oceľovom drôte. Časť 5: Niklové povlaky. 1.12.2001
Enregistré dans:
| Format: | Livre |
|---|---|
| Langue: | anglais |
| Publié: |
Bratislava :
Slovenský ústav technickej normalizácie,
2001
|
| Sujets: | |
| Tags: |
Pas de tags, Soyez le premier à ajouter un tag!
|
MARC
| LEADER | 00000nam a22000003a 4500 | ||
|---|---|---|---|
| 001 | stu137319 | ||
| 005 | 20150408163130.7 | ||
| 008 | 070123s2001----xo------------------eng-d | ||
| 040 | |a STU |b slo | ||
| 041 | 0 | |a eng | |
| 044 | |a xo | ||
| 080 | |a 669 | ||
| 245 | |a Oceľový drôt a drôtené výrobky. STN 42 6470. EN 10244-5 : |b Neželezné kovové povlaky na oceľovom drôte. Časť 5: Niklové povlaky. 1.12.2001 | ||
| 260 | |a Bratislava : |b Slovenský ústav technickej normalizácie, |c 2001 | ||
| 300 | |a 6 p | ||
| 650 | 7 | |a oceľové drôty |2 stusub | |
| 996 | |b 284M075684 |c M*N-1257 |l MMKN |s A |a 24 |w stu137319_0001 | ||